000 00641cam a22002053a 4500
001 44867
003 PGUSA
005 20140828084026.0
008 140210s2014||||xxu|||||s|||||000 | eng d
040 _aPGUSA
_beng
042 _adc
100 1 _aWells, H. G.
_q(Herbert George),
_d1866-1946
245 1 4 _aThe Discovery of the Future :
_bA Discourse Delivered at the Royal Institution
_h[electronic resource] /
_cH. G. Wells
260 _bProject Gutenberg,
_c2014
506 _aPublic domain in the USA.
516 _aElectronic text
830 0 _aProject Gutenberg
_v44867
856 4 0 _uhttp://www.gutenberg.org/ebooks/44867
942 _cEB
999 _c274118
_d274118